000 00671nam a2200265Ia 4500
005 20260121170824.0
008 008 260114s9999 xx 000 0 eng d
020 _a9783030008284
037 _aEBOOK
040 _aCRL
040 _beng
040 _cCRL
041 _2eng
041 _aeng
084 _qCRL
100 _aZhongzhi Shi, Eunika Mercier-Laurent, Jiuyong Li
_91068591
245 0 _aIntelligent Information Processing IX
260 _bSpringer
260 _bSpringer
260 _c2018
856 _uhttps://link.springer.com/openurl?genre=book&isbn=978-3-030-00828-4
942 _cEBOOK
999 _c1634321
_d1634321